| 000 | 00410nam a22001577a 4500 | ||
|---|---|---|---|
| 999 |
_c4192 _d4192 |
||
| 003 | GBCCL | ||
| 005 | 20241126110513.0 | ||
| 008 | 180116b xxu||||| |||| 00| 0 eng d | ||
| 040 | _cgbc | ||
| 082 |
_aVER 224.1 _bISA |
||
| 245 | _aZawlnei Isai | ||
| 260 |
_bBible Society of India and Ceylon, _aBangalore: _c2000 |
||
| 300 |
_a110 p.; _c18 cm. |
||
| 650 |
_aBible _vOld Testament _vIsaiah _97976 |
||
| 942 |
_2ddc _cBK |
||